• 首页
  • 本馆介绍
  • 公告通知
  • 最新文献
  • 馆藏检索
  • 电子资源
  • 读者导购
  • 参考咨询
  • 我的图书馆
  • 登录
  • 详细信息显示
  • 放入我的书架
  • 预约/预借图书
  • 作者相关作品
  • 分类相关作品
  • 丛书相关作品
  • 出版社相关作品

书目信息

  • 表格格式
  • 工作单格式
  • 卡片格式
题名:
公共文化服务视角下图书馆的采编业务建设
    
 
作者: 朱蕊 著
分册:  
出版信息: 青岛   中国海洋大学出版社  2022.06
页数: 154页
开本: 24cm
丛书名:
单 册:
中图分类: G253.1 , G254.3
科图分类:
主题词:
电子资源:
ISBN: 978-7-5670-3171-5
000 01151nam0 2200229 450
001 012001001528
005 20141202153202.0
010    @a978-7-5670-3171-5@dCNY58.00
100    @a20220905d2022 em y0chiy50 ea
101 0  @achi
102    @aCN@b370000
105    @ay z 000yy
106    @ar
200 1  @a公共文化服务视角下图书馆的采编业务建设@Agong gong wen hua fu wu shi jiao xia tu shu guan de cai bian ye wu jian she@f朱蕊著
210    @a青岛@c中国海洋大学出版社@d2022.06
215    @a154页@d24cm
330    @a本书以公共文化服务视角下图书馆的采编业务建设的综合性研究为目标,在对公共文化服务视角下图书馆采编业务的相关概念、理论基础、特点及内容、意义等理论问题进行研究的基础上,对我国当前公共文化服务视角下的图书馆采编业务提出了优化策略升级。主要内容包括第一章基础概念与理论基础,第二章图书馆采编与公共文化服务融合的依据和原则,第三章图书馆文献采选业务建设,第四章图书馆文献编目业务建设,第五章图书馆采编与公共文化服务融合的现状及障碍分析,第六章公共文化服务视角下图书馆的采编业务的优化策略。
690    @aG253.1@v5
690    @aG254.3@v5
701  0 @a朱蕊@Azhu rui@4著
801  0 @aCN@bAHXH@c20221111
905    @b1371242-4@dG253.1@e165@f3
    
    公共文化服务视角下图书馆的采编业务建设/朱蕊著.-青岛:中国海洋大学出版社,2022.06
    154页;24cm
    
    
    ISBN 978-7-5670-3171-5:CNY58.00
    本书以公共文化服务视角下图书馆的采编业务建设的综合性研究为目标,在对公共文化服务视角下图书馆采编业务的相关概念、理论基础、特点及内容、意义等理论问题进行研究的基础上,对我国当前公共文化服务视角下的图书馆采编业务提出了优化策略升级。主要内容包括第一章基础概念与理论基础,第二章图书馆采编与公共文化服务融合的依据和原则,第三章图书馆文献采选业务建设,第四章图书馆文献编目业务建设,第五章图书馆采编与公共文化服务融合的现状及障碍分析,第六章公共文化服务视角下图书馆的采编业务的优化策略。
●
相关链接 在E读中查询图书 在五车中查询图书 在当当中查询图书 在豆瓣中查询图书


正题名:公共文化服务视角下图书馆的采编业务建设     索取号:G253.1/165         预约/预借

序号 登录号 条形码 馆藏地/架位号 状态 备注
1 1371242   213712428   第一样本阅览室/ [索取号:G253.1/165] 在馆    
2 1371243   213712437   第四借阅区/ [索取号:G253.1/165] 在馆    
3 1371244   213712446   第四借阅区/ [索取号:G253.1/165] 在馆    
唐山师范学院图书馆 欢迎您!
大连网信软件有限公司© 版权所有